MARC

LEADER 00000nam0a2200000 4500
001 86000
005 20231101213443.0
035 |a (RuTPU)RU\TPU\book\92380 
090 |a 86000 
100 |a 20051121d1956 km y0rusy50 ca 
101 0 |a rus 
102 |a RU 
105 |a a z 000zy 
200 1 |a Взрыв и взрывчатые вещества  |f К. К. Андреев 
210 |a Москва  |c Воениздат  |d 1956 
215 |a 117 с.  |c ил. 
225 1 |a Научно-популярная библиотека солдата и матроса 
606 |a Взрывчатые вещества  |x Химия  |2 stltpush  |3 (RuTPU)RU\TPU\subj\70740  |9 84945 
606 |a Взрыв  |2 stltpush  |3 (RuTPU)RU\TPU\subj\32958  |9 55331 
610 1 |a химия 
610 1 |a горение 
610 1 |a изготовление 
610 1 |a народном хозяйство 
610 1 |a атомный взрыв 
675 |a 662.2  |v 3 
675 |a 544.45  |v 3 
700 1 |a Андреев  |b К. К.  |g Константин Константинович 
801 1 |a RU  |b 63413507  |c 20051121  |g PSBO 
801 2 |a RU  |b 63413507  |c 20171006  |g PSBO 
942 |c BK